01010nam a22002537a 4500003000500000005001700005008004100022010001000063011001000073035001000083040000900093082001600102111010600118245006800224260006300292300001100355490003700366650002600403650002200429650004000451711012600491711010400617830003500721CHAP20220329140919.0971013s1984 r 10010 d a59728 a60700 a64862 cCHAP a301.35bM4200aMesa Redonda sobre Tecnología Adecuada para el Desarrollo Rural Integral (d1984c: México, D.F.) aProblemática del desarrollo tecnológico nacionalb: memoria aMéxico, D.F. :bAcademia Mexicana de Ingeniería,c1984 a348 p. aAlternativas tecnológicasv; 614aAgua para irrigacion.14aDesarrollo rural.14aRecursos forestalesxUtilización.0 aMesa Redonda sobre Tecnología Adecuada para el Aprovechamiento y Uso de los Recursos Forestales (1984 : México, D.F.)0 aMesa Redonda sobre Tecnologías Adecuadas para el Uso del Agua en el Riego (1984 : México, D.F.)0 aAlternativas tecnologicasv; 6